[Event "ch-SCCF"]
[Site "Costa Mesa USA"]
[Date "2003.07.18"]
[Round "1"]
[White "Casella,M"]
[Black "Small,G"]
[Result "1-0"]
[WhiteElo "2338"]
[BlackElo "2206"]

1.d4 d5 2.c4 dxc4 3.Nf3 a6 4.e3 e6 5.Bxc4 c5 6.a4 Nf6 7.O-O Nc6 8.Qe2 cxd4
9.Rd1 Be7 10.exd4 O-O 11.Nc3 Nd5 12.h4 Bxh4 13.Nxh4 Qxh4 14.Ne4 Nf6 15.Nxf6+ Qxf6
16.Qh5 h6 17.Ra3 Nxd4 18.Bxh6 Qxh6 19.Qxh6 gxh6 20.Rxd4 e5 21.Rd6 Kh7 22.Rf3 Bg4
23.Rff6 Kg7 24.Rxh6 Rac8 25.b3 b5 26.axb5 axb5 27.Bxb5 Be6 28.Rh5 Rc3 29.Rxe5 Rxb3
30.Be2 Rh8 31.Rd1 Rb2 32.Re4 Rc8 33.Bg4 Rcc2 34.Bxe6 fxe6 35.Rf4 Rd2 36.Rxd2 Rxd2
37.Kh2 Ra2 38.Kg3 Kg6 39.Kg4 Re2 40.Kf3 Ra2 41.Rb4 Kf6 42.Rb5 Ra3+ 43.Kg4 Ra2
44.Kg3 Ra3+ 45.f3 Ra2 46.f4 Rc2 47.Re5 Rc3+ 48.Kf2 Rc4 49.Kf3 Ra4 50.g4 Ra1
51.g5+ Kf7 52.Re3 Rb1 53.Rc3 Rf1+ 54.Kg3 Kg6 55.Re3 Kf7 56.Rf3 Rg1+ 57.Kh2 Rg4
58.Kh3 Rg1 59.Re3 Rf1 60.Kg3 Rg1+ 61.Kf2 Rg4 62.Kf3 Rg1 63.Re4 Ra1 64.Rb4 Kg6
65.Rb8 Re1 66.Rf8 e5 67.Rf6+ Kg7 68.f5 Rg1 69.Rg6+ Kf7 70.Ke4 Re1+ 71.Kd5 e4
72.Re6 e3 73.g6+ Kg7 74.Ke5 Rf1 75.Re7+ Kf8 76.f6 Rg1 77.g7+ Kg8  1-0

[Event "18th Touraine Open"]
[Site "Avoine FRA"]
[Date "2003.07.19"]
[Round "1"]
[White "Dumitrache,D"]
[Black "Huisman,H"]
[Result "1-0"]
[WhiteElo "2492"]
[BlackElo "2135"]

1.d4 d5 2.c4 dxc4 3.Nf3 c5 4.e3 cxd4 5.Bxc4 Nf6 6.exd4 Nbd7 7.O-O Nb6 8.Bb3 e6
9.Nc3 Bd6 10.Re1 O-O 11.Qd3 Bd7 12.Bc2 Bc6 13.Bg5 g6 14.Ne5 Rc8 15.Qh3 Be7
16.Bh6 Re8 17.Nxf7  1-0

[Event "TCh-Europe u18"]
[Site "Balatonlelle HUN"]
[Date "2003.07.19"]
[Round "1"]
[White "Erdos,V"]
[Black "Krivokapic,M"]
[Result "1-0"]
[WhiteElo "2420"]
[BlackElo "2312"]

1.d4 d5 2.c4 dxc4 3.Nf3 c5 4.e3 Nf6 5.Bxc4 e6 6.O-O a6 7.Bb3 Nc6 8.Qe2 cxd4
9.Rd1 Be7 10.Nc3 e5 11.exd4 exd4 12.Nxd4 Nxd4 13.Qe5 Qd6 14.Qxd4 Qxd4 15.Rxd4 O-O
16.Bg5 Bf5 17.Rad1 h6 18.Bh4 Rfe8 19.h3 g5 20.Bg3 Bc5 21.Rd5 Nxd5 22.Rxd5 Be6
23.Rxc5 Bxb3 24.axb3 Rad8 25.h4 Re1+ 26.Kh2 gxh4 27.Bxh4 Rd2 28.Nd5 Re6 29.Nf6+ Kg7
30.Nh5+ Kf8 31.Rc8+ Re8 32.Rc7 b5 33.Nf6 Ra8 34.Ne4 Rd4 35.f3 Kg8 36.Bf6 Rd3
37.b4 a5 38.bxa5 Rxa5 39.Rb7  1-0

[Event "ch-NED Open"]
[Site "Dieren NED"]
[Date "2003.07.24"]
[Round "3"]
[White "De Saegher,C"]
[Black "Ernst,S"]
[Result "0-1"]
[WhiteElo "2230"]
[BlackElo "2468"]

1.d4 d5 2.c4 dxc4 3.Nf3 c5 4.Nc3 cxd4 5.Qxd4 Qxd4 6.Nxd4 e6 7.e4 a6 8.Bxc4 Bd7
9.O-O Nc6 10.Be3 Rc8 11.Be2 Nf6 12.Rac1 Ne5 13.h3 Bb4 14.f4 Nc4 15.Bxc4 Rxc4
16.Na4 Bd2 17.Rxc4 Bxe3+ 18.Kh2 b5 19.Rb4 Bxd4 20.Rxd4 bxa4 21.g4 Bb5 22.Rc1 Ke7
23.g5 Nd7 24.Rb4 e5 25.b3 a3 26.Kg3 f6 27.h4 h6  0-1

[Event "ch-NED Open"]
[Site "Dieren NED"]
[Date "2003.07.26"]
[Round "5"]
[White "Werle,J"]
[Black "Ernst,S"]
[Result "1/2-1/2"]
[WhiteElo "2397"]
[BlackElo "2468"]

1.Nf3 d5 2.d4 c5 3.c4 dxc4 4.d5 e6 5.e4 exd5 6.exd5 Nf6 7.Nc3 Bd6 8.Bxc4 O-O
9.O-O a6 10.a4 Bg4 11.Bg5 Re8 12.h3 Bh5 13.g4 Bg6 14.Qd2 Nbd7 15.Rae1 Qc7
16.Nh4 Ne4 17.Nxe4 Bxe4 18.f3 Bg6 19.Nxg6 hxg6 20.Kg2 Ne5 21.Be2 c4 22.h4 b5
23.h5 gxh5 24.gxh5 bxa4 25.f4 Nd3 26.Bxd3 cxd3 27.Qxd3 Qb7 28.Rxe8+ Rxe8
29.Rf2 Bc5 30.Rc2 Ba7 31.h6 Qb6 32.Qd1 gxh6 33.Bh4 Qg6+ 34.Kh2 Kh7 35.Rg2 Qf5
36.d6 Re3 37.Qg4 Qxg4 38.Rxg4 Rd3 39.Bf6 Rxd6 40.Rg7+ Kh8 41.Rg6+ Kh7 42.Rg7+ Kh8
43.Rg6+  1/2-1/2

[Event "6th Magistral"]
[Site "Vicente Lopez ARG"]
[Date "2003.07.26"]
[Round "3"]
[White "Marques,V"]
[Black "Slipak,S"]
[Result "1/2-1/2"]
[WhiteElo "2380"]
[BlackElo "2497"]

1.d4 d5 2.c4 dxc4 3.Nf3 a6 4.e3 e6 5.Bxc4 Nf6 6.O-O Nbd7 7.b3 b5 8.Be2 Bb7
9.Bb2 c5 10.Nbd2 Be7 11.a4 Qb6 12.axb5  1/2-1/2

[Event "ch-NED Open"]
[Site "Dieren NED"]
[Date "2003.07.29"]
[Round "7"]
[White "Dambacher,M"]
[Black "Ernst,S"]
[Result "0-1"]
[WhiteElo "2403"]
[BlackElo "2468"]

1.d4 d5 2.c4 dxc4 3.Nf3 c5 4.e3 cxd4 5.exd4 Be6 6.Nc3 Nf6 7.Ne5 g6 8.Qa4+ Nbd7
9.Bxc4 Bxc4 10.Qxc4 e6 11.O-O Bg7 12.Bg5 O-O 13.Ne4 Qc8 14.Qxc8 Rfxc8 15.Nd6 Rc2
16.Ndxf7 Nxe5 17.Nxe5 Rxb2 18.Rfb1 Rb6 19.Rxb6 axb6 20.Bxf6 Bxf6 21.Kf1 Ra4
22.Nf3 g5 23.Rc1 g4 24.Rc8+ Kg7 25.Rc7+ Kh6 26.Ne5 Rxd4 27.Nd7 Bg7 28.Rxb7 Rd2
29.f3 Kg5 30.a4 Bd4 31.Nf8 Kf4 32.Rc7 Ke3 33.Rc1 gxf3 34.gxf3 Kxf3 35.Nxe6 Be3  0-1

[Event "World Youth Stars"]
[Site "Kirishi RUS"]
[Date "2003.08.04"]
[Round "3"]
[White "Khairullin,I"]
[Black "Lintchevski,D"]
[Result "1/2-1/2"]
[WhiteElo "2445"]
[BlackElo "2132"]

1.d4 d5 2.c4 dxc4 3.Nf3 a6 4.e3 Bg4 5.Bxc4 e6 6.O-O Nf6 7.Nc3 Nc6 8.h3 Bh5
9.b3 Bd6 10.Bb2 O-O 11.Be2 Re8 12.Rc1 Qe7 13.Na4 Ne4 14.Ne5 Bxe2 15.Nxc6 Bxd1
16.Nxe7+ Rxe7 17.Rfxd1 f5 18.Nc5 c6 19.Nd3 Rd8 20.f3 Nf6 21.Kf2 Kf7 22.g4 g6
23.Ke2 h5 24.g5 Nd5 25.a3 Ke8 26.Kd2 Rf7 27.Ke2 Re7 28.Kd2 Rf7  1/2-1/2

[Event "HZ Open"]
[Site "Vlissingen NED"]
[Date "2003.08.08"]
[Round "8"]
[White "Arkell,K"]
[Black "Ernst,S"]
[Result "1-0"]
[WhiteElo "2513"]
[BlackElo "2468"]

1.d4 d5 2.Nf3 c5 3.c4 dxc4 4.e4 cxd4 5.Qxd4 Qxd4 6.Nxd4 a6 7.Nc3 e6 8.Bxc4 Bd7
9.Be3 Nc6 10.Nxc6 Bxc6 11.f3 Rc8 12.Rc1 Nf6 13.Kf2 Bb4 14.Bb3 Nd7 15.a3 Bc5
16.Ne2 Bxe3+ 17.Kxe3 Nb6 18.Nd4 Bd7 19.Rxc8+ Nxc8 20.Rc1 Kd8 21.e5 Ne7 22.f4 Nc6
23.Nf3 Ke7 24.Ng5 f6 25.exf6+ gxf6 26.Ne4 Rc8 27.Rc5 e5 28.fxe5 Nxe5 29.Rxc8 Bxc8
30.Kd4 b6 31.Bg8 h6 32.Nc3 Kd6 33.Nd5 Nd7 34.g3 b5 35.b4 Ne5 36.h4 f5 37.Nf4 Bb7
38.Be6 Be4 39.Bc8 a5 40.bxa5 Nc6+ 41.Kc3 Nxa5 42.Ne2 Nc4 43.Kb4 Ne3 44.Nd4 Ke5
45.Nxb5 Nf1 46.g4 f4 47.Nc3 Nd2 48.Nxe4 Nxe4 49.a4 f3 50.Ba6 Nf6 51.g5 hxg5
52.hxg5 Nd5+ 53.Kc5 Nc3 54.a5 Ne4+ 55.Kb6 Nc3 56.Bf1 Kd6 57.g6 Na4+ 58.Kb7 Nc5+
59.Kc8 Ke7 60.Kc7  1-0

[Event "Polish Extraleague"]
[Site "Lubniewice POL"]
[Date "2003.09.02"]
[Round "4"]
[White "Czerwonski,A"]
[Black "Swicarz,M"]
[Result "1-0"]
[WhiteElo "2373"]
[BlackElo "2308"]

1.d4 d5 2.c4 dxc4 3.Nf3 a6 4.e3 Nf6 5.Bxc4 e6 6.a4 c5 7.O-O Nc6 8.Qe2 Qc7
9.Nc3 Be7 10.dxc5 Bxc5 11.e4 Ng4 12.g3 O-O 13.Bf4 e5 14.Nd5 Qd6 15.Bd2 Nd4
16.Nxd4 Bxd4 17.Rad1 a5 18.Bg5 Kh8 19.Rxd4 exd4 20.Be7 Qh6 21.f3 Ne5 22.Bxf8 Bh3
23.Bxg7+ Kxg7 24.Rd1 Qc6 25.b3 Rd8 26.Kh1 f5 27.Rxd4 Qc5 28.Rd1 Nxc4 29.bxc4 fxe4
30.Qb2+ Kg8 31.Nf6+ Kf7 32.Rxd8 exf3 33.Qxb7+ Qe7 34.Qxe7+ Kxe7 35.Rd2  1-0

[Event "1st League TCh-SCG"]
[Site "Budva SCG"]
[Date "2003.09.09"]
[Round "11"]
[White "Pavlovic,Mi"]
[Black "Stojanovic,Mih"]
[Result "1/2-1/2"]
[WhiteElo "2569"]
[BlackElo "2488"]

1.Nf3 d5 2.d4 c5 3.c4 dxc4 4.e3 cxd4 5.Bxc4 Qc7 6.Qb3 e6 7.exd4 Nf6 8.O-O Nc6
9.Nc3 a6 10.Bd3 Be7 11.Be3 O-O 12.Rae1 Ng4 13.Na4 Rb8 14.Nc5 Bd6 15.h3 Nxe3
16.fxe3 Qe7 17.Ne4 Bc7 18.Bb1 Bd7 19.a3 Be8 20.Ba2 h6 21.Qc2 Rd8 22.Qc5 Qxc5
23.Nxc5 Rb8 24.Nd2 Bd6 25.Nc4 Be7 26.Nb6 Bxc5 27.dxc5 Rd8 28.b4 g6 29.Rb1 Na7
30.a4 Bc6 31.b5 axb5 32.axb5 Be4 33.Ra1 Nc8 34.Nc4 Bd5 35.Ne5  1/2-1/2

[Event "EYb14"]
[Site "Budva YUG"]
[Date "2003.09.14"]
[Round "2"]
[White "Rodshtein,M"]
[Black "Lintchevski,D"]
[Result "1-0"]
[WhiteElo "2344"]
[BlackElo "2132"]

1.d4 d5 2.c4 dxc4 3.Nf3 a6 4.e3 Bg4 5.Bxc4 e6 6.d5 Nf6 7.dxe6 Qxd1+ 8.Kxd1 Bxe6
9.Bxe6 fxe6 10.Ke2 Bd6 11.Nbd2 Nc6 12.b3 Ke7 13.Bb2 a5 14.a3 Rhd8 15.Rac1 Rac8
16.g4 h6 17.Rhg1 g5 18.Nc4 b5 19.Ncd2 Nb8 20.a4 c6 21.Bc3 Bb4 22.Bxb4+ axb4
23.axb5 cxb5 24.Rxc8 Rxc8 25.Nd4 Rc5 26.h3 Nc6 27.N2f3 Nxd4+ 28.Nxd4 e5 29.Nf5+ Ke6
30.Ra1 Rc6 31.Ra7 Nd5 32.Rh7 Rc2+ 33.Kf3 Rc3 34.Rxh6+ Nf6 35.h4 gxh4 36.Nxh4 Kf7
37.g5 Ne8 38.Rb6 Rxb3 39.g6+ Kf8 40.Rb8 Rc3 41.Nf5 e4+ 42.Kxe4  1-0

[Event "GRE-GEO Match w"]
[Site "Athens GRE"]
[Date "2003.09.20"]
[Round "3"]
[White "Matnadze,A"]
[Black "Fakhiridou,E"]
[Result "1-0"]
[WhiteElo "2386"]
[BlackElo "2292"]

1.d4 d5 2.Nf3 c5 3.c4 dxc4 4.g3 cxd4 5.Qxd4 Qxd4 6.Nxd4 e5 7.Nb5 Na6 8.Bg2 Rb8
9.O-O Bd7 10.N1c3 Bc5 11.Be3 Bxe3 12.fxe3 Be6 13.Bxb7 Nb4 14.Rac1 Ke7 15.Bg2 Nf6
16.Nxa7 Rb6 17.Rfd1 Ra6 18.a3 Na2 19.Nxa2 Rxa7 20.Nb4 Rc7 21.Nc6+ Rxc6 22.Bxc6 Rc8
23.Bb5 Ne4 24.Ba4 Rb8 25.Bc6 Nd6 26.Rd2 Rb6 27.Bd5 Bxd5 28.Rxd5 Rxb2 29.Rxe5+ Kf6
30.Rc5 Rxe2 31.Rd1 Ne4 32.Rxc4 Rxe3 33.a4 Ng5 34.Kf2 Ra3 35.h4 Ne6 36.Rd5 Ra2+
37.Ke3 Ra3+ 38.Rd3 Ra2 39.Ke4 Re2+ 40.Kd5 Ra2 41.Kc6 g5 42.h5 Ke7 43.Kb5 f5
44.a5 Rb2+ 45.Rb4 Nc7+ 46.Kc4 Rc2+ 47.Kb3 Rc5 48.Rc4 Rb5+ 49.Ka4 Rb7 50.Rc6 Ra7
51.Rh6  1-0

[Event "Tatry Open"]
[Site "Tatranske Zruby SVK"]
[Date "2003.09.29"]
[Round "3"]
[White "Wiley,To"]
[Black "Jelen,P"]
[Result "1/2-1/2"]
[WhiteElo "2328"]
[BlackElo "2206"]

1.d4 d5 2.c4 dxc4 3.Nf3 a6 4.e3 Bg4 5.Bxc4 e6 6.h3 Bh5 7.Nc3 Nf6 8.g4 Bg6
9.Ne5 Bd6 10.Qf3 Bxe5 11.dxe5 Nfd7 12.Qxb7 Nxe5 13.Qxa8 Nxc4 14.O-O c6 15.Qa7 Nb6
16.e4 N8d7 17.Qxa6 Qh4 18.Qd3 Nd5 19.Kg2 h5 20.Qg3 Qxg3+ 21.Kxg3 Nxc3 22.bxc3 Bxe4
23.f3 Bd5 24.Be3 Ke7 25.a4 Bc4 26.Rfd1 hxg4 27.hxg4 Ra8 28.a5 e5 29.Rh1 Ke6
30.Rhb1 Bb5 31.Rb4 Ba6 32.Rd1 f6 33.f4 c5 34.Rb2 e4 35.f5+ Ke7 36.Bf4 Bd3
37.Bc7 Ra6 38.Kf4 Ra7 39.Bb6 Ra6 40.Re1 Kd6 41.Rxe4 Bxe4 42.Kxe4 Kc6 43.c4 Ne5
44.Rb5 Nd7 45.g5 fxg5 46.Bd8 Nf6+ 47.Ke5 Nd7+ 48.Ke6 g4 49.Bh4 Ra7 50.Bg3 Nf8+
51.Ke5 Nd7+ 52.Kf4 Rb7 53.Rxb7 Kxb7 54.Kxg4 Ka6 55.Bc7 Kb7 56.Bb6 Ne5+ 57.Kg5 Nxc4
58.Bxc5 Nxa5 59.Kg6 Nc6 60.Kxg7 Kc7 61.f6 Ne5 62.Bd4 Nd7 63.f7 Kd6 64.Bb2 Kd5
65.Ba3 Ke5 66.f8=Q Nxf8 67.Bxf8  1/2-1/2

[Event "7th Itau Cup"]
[Site "Sao Paulo BRA"]
[Date "2003.10.01"]
[Round "5"]
[White "Rocha,W"]
[Black "Matsuura,E"]
[Result "1/2-1/2"]
[WhiteElo "2420"]
[BlackElo "2452"]

1.d4 d5 2.c4 dxc4 3.Nf3 c5 4.d5 e6 5.e4 exd5 6.exd5 Bd6 7.Bxc4 Nf6 8.O-O O-O
9.Nc3 a6 10.a4 Bg4 11.Bg5 Re8 12.Qd3 Nbd7 13.Nd2 h6 14.Bh4 Qc7 15.Bg3 Bxg3
16.Qxg3 Qxg3 17.hxg3 Rad8 18.a5 b5 19.axb6 Nxb6 20.Rxa6 Nxc4 21.Nxc4 Nxd5
22.Nxd5 Be2 23.Nf6+ gxf6 24.Rc1 Re6 25.Ra5 Bxc4 26.Rxc4  1/2-1/2

[Event "WYg18"]
[Site "Halkidiki GRE"]
[Date "2003.10.25"]
[Round "3"]
[White "Gerasimovitch,O"]
[Black "Chistiakova,T"]
[Result "1/2-1/2"]
[WhiteElo "2264"]
[BlackElo "2314"]

1.d4 d5 2.c4 dxc4 3.Nf3 a6 4.a4 e6 5.e3 c5 6.Bxc4 Nf6 7.O-O cxd4 8.exd4 Nc6
9.Nc3 Be7 10.d5 exd5 11.Nxd5 Nxd5 12.Qxd5 O-O 13.Bg5 Bg4 14.Qxd8 Bxd8 15.Be3 Bf6
16.Ng5 Rae8 17.Nh3 Rd8 18.Nf4 Bxb2 19.Rab1 Bd4 20.Nd5 Rfe8 21.Bxd4 Nxd4 22.f3 Be6
23.Rfd1 Ne2+ 24.Bxe2 Bxd5 25.Kf2 Bc6 26.a5 Kf8 27.Rb2 Rxd1 28.Bxd1 Re5 29.Ra2 Ke7
30.f4 Rc5 31.Bf3 Kd6 32.Bxc6 Kxc6 33.Ke3 Rc4 34.Rb2 h5 35.g3 Rc5 36.Ra2 g6
37.Kd4 g5 38.fxg5 Rxg5 39.Rc2+ Kd6 40.Rb2 Rb5 41.Ra2 Ke6 42.Ra3 Kf5 43.h3 Kg5
44.Ke4 f5+ 45.Kf3 h4 46.gxh4+ Kxh4 47.Kf4 Rc5 48.Rb3 Rxa5 49.Rxb7 Kxh3 50.Rf7 Kg2
51.Rxf5 Ra3 52.Ke4 a5 53.Kd4 a4 54.Kc4 Ra1 55.Ra5  1/2-1/2

[Event "Masters"]
[Site "Rosny sous Bois FRA"]
[Date "2003.10.31"]
[Round "7"]
[White "Inkiov,V"]
[Black "David,Vi"]
[Result "1-0"]
[WhiteElo "2471"]
[BlackElo "2320"]

1.d4 d5 2.c4 dxc4 3.Nf3 c5 4.d5 e6 5.Nc3 Ne7 6.e4 exd5 7.exd5 Nf5 8.Bxc4 Be7
9.O-O O-O 10.Bd3 Nd6 11.Qc2 c4 12.Be2 Bf5 13.Qd1 Nd7 14.Bf4 Rc8 15.Nd4 Bg6
16.Bg4 Rc5 17.Re1 Nb6 18.Qf3 Bf6 19.Rad1 a6 20.Qe3 Ra5 21.Nc6 bxc6 22.dxc6 Bd3
23.Bxd6 Qxd6 24.Qxb6 Bd8 25.Qb7 Bc7 26.g3 h5 27.Ne4 Qd8 28.Be2 Rd5 29.Nc3 Rf5
30.Bxd3 cxd3 31.Qxa6 Qd4 32.Rd2 Rd8 33.Re3 Qc5 34.Rdxd3  1-0

[Event "1st GM"]
[Site "Nagykanizsa HUN"]
[Date "2003.11.07"]
[Round "3"]
[White "Sriram,J"]
[Black "Varga,Zo"]
[Result "0-1"]
[WhiteElo "2458"]
[BlackElo "2558"]

1.d4 d5 2.Nf3 a6 3.c4 dxc4 4.e3 e6 5.Bxc4 b5 6.Bd3 Bb7 7.O-O Nf6 8.Qe2 c5
9.dxc5 Nc6 10.Rd1 Qc7 11.Nbd2 Bxc5 12.b3 Nb4 13.Bb2 Nxd3 14.Qxd3 Rd8 15.Qe2 O-O
16.a4 Qb6 17.axb5 Qxb5 18.Qxb5 axb5 19.Nd4 b4 20.Rac1 Rc8 21.Rc2 Bxd4 22.Rxc8 Bxb2
23.Rxf8+ Kxf8 24.Nc4 Bc3 25.Rd8+ Ke7 26.Rb8 Bd5 27.Na5 Ne4 28.f3 Nd2 29.Rb5 Kf6
30.Kf2 Bxb3 31.Nxb3 Nxb3 32.Ke2 Nc1+ 33.Kd1 Nd3 34.f4 e5 35.Ke2 e4 36.g4 Ke6
37.g5 f5 38.h4 b3 39.Kd1 Nb4 40.Kc1 g6 41.Rb7 Nd3+ 42.Kd1 Nb4 43.Kc1 b2+
44.Kb1 Nd5 45.h5 Nxe3 46.Rc7 Nd5 47.Rxh7 gxh5  0-1

[Event "FSGM November"]
[Site "Budapest HUN"]
[Date "2003.11.08"]
[Round "8"]
[White "Hoang Thanh Trang"]
[Black "Seres,L"]
[Result "1/2-1/2"]
[WhiteElo "2463"]
[BlackElo "2510"]

1.d4 d5 2.c4 dxc4 3.Nf3 c5 4.d5 e6 5.Nc3 exd5 6.Qxd5 Qxd5 7.Nxd5 Bd6 8.e4 Nf6
9.Nxf6+ gxf6 10.Bxc4 Be6 11.Bxe6 fxe6 12.Be3 Nc6 13.O-O-O Ke7 14.Rd2 b6 15.Rhd1 Rad8
16.g3 Rhg8 17.Ne1 Be5  1/2-1/2

[Event "ch-UKR"]
[Site "Simferopol UKR"]
[Date "2003.11.08"]
[Round "5"]
[White "Borovikov,V"]
[Black "Peskov,A"]
[Result "1-0"]
[WhiteElo "2571"]
[BlackElo "2410"]

1.d4 d5 2.c4 dxc4 3.Nf3 a6 4.e3 e6 5.Bxc4 c5 6.O-O Nf6 7.Bb3 b6 8.e4 cxd4
9.e5 Ne4 10.Nxd4 Bb7 11.Be3 Nd7 12.f4 Bc5 13.Nd2 O-O 14.N2f3 b5 15.Qe1 Nb6
16.Rd1 Nd5 17.Bc1 Ne7 18.Kh1 Qb6 19.Bc2 Bxd4 20.Nxd4 Nc5 21.b4 Na4 22.f5 exf5
23.Nxf5 Nxf5 24.Bxf5 Qc6 25.Qg3 Nc3 26.Rd6 Qc4 27.Bd3 Qxa2 28.Bh6 Qxg2+ 29.Qxg2 Bxg2+
30.Kxg2 gxh6 31.Rf3 Rfe8 32.Rxh6 Rxe5 33.Rg3+ Kf8 34.Bxh7 Rd8 35.Rxc3 Rd4
36.Bd3 Rxb4 37.Rc8+ Kg7 38.Rh7+ Kf6 39.Rc7 Re7 40.Rh6+ Kg7 41.Rxe7 Kxh6 42.Rxf7 a5
43.Kg3 Rb3 44.Rd7 Kg5 45.Rd6 a4 46.h4+ Kh5  1-0

[Event "Cultural Village"]
[Site "Wijk aan Zee NED"]
[Date "2003.11.27"]
[Round "3"]
[White "Bottema,To"]
[Black "Afek,Y"]
[Result "1/2-1/2"]
[WhiteElo "2305"]
[BlackElo "2376"]

1.d4 d5 2.Nf3 c5 3.c4 dxc4 4.e3 cxd4 5.Bxc4 e6 6.Qxd4 Qxd4 7.Nxd4 a6 8.O-O Nf6
9.a3 b5 10.Be2 Bb7 11.Nd2 Nbd7 12.N2b3 e5 13.Nf3 Bd6 14.Na5 Bd5 15.Rd1 Ke7
16.Bd2 Rhc8 17.Rac1 Nb6 18.Bc3 Na4 19.Bxe5 Bxe5 20.Nxe5 Nxb2 21.Nec6+ Kf8
22.Rd2 Na4 23.f3 Rc7 24.e4 Bxc6 25.Rxc6 Rxc6 26.Nxc6 Rc8 27.Nb4 a5 28.Bxb5 Nc3
29.Ba6 axb4 30.Bxc8 bxa3 31.Rd6 Ne8 32.Ra6 a2 33.Bb7 Nc7 34.Ra5 Ke7 35.Bd5 N7xd5
36.exd5 Kd6 37.Kf2 Kc7 38.Ke1 h5 39.Kd2 Kb6 40.Ra8 Kb7 41.Ra5 Kb6 42.Ra8 Kb7  1/2-1/2

[Event "Kurent Women"]
[Site "Ptuj SLO"]
[Date "2003.12.02"]
[Round "4"]
[White "Srebrnic,A"]
[Black "Krivec,J"]
[Result "0-1"]
[WhiteElo "2241"]
[BlackElo "2313"]

1.d4 d5 2.c4 dxc4 3.Nf3 c5 4.d5 e6 5.Nc3 exd5 6.Qxd5 Qxd5 7.Nxd5 Bd6 8.e4 Nc6
9.Bxc4 Nge7 10.Nxe7 Bxe7 11.Be3 O-O 12.O-O-O a6 13.a3 Kh8 14.Bd5 f5 15.Bxc6 bxc6
16.Ne5 fxe4 17.Nxc6 Bf6 18.Bxc5 Rf7 19.b4 Rc7 20.Nd4 Bg4 21.f3 exf3 22.gxf3 Bh5
23.Rhf1 a5 24.Nb5 Rc6 25.Rd6 Rcc8 26.Kd2 Be7 27.Rd7 Bxc5 28.bxc5 Be8 29.Rb7 Rxc5
30.a4 Bc6 31.Rb6 h6 32.h4 Rd8+ 33.Ke3 Re5+ 34.Kf4 Re6 35.h5 Rf6+ 36.Kg3 Rd3
37.Ra6 Kh7 38.Rf2 Rfxf3+ 39.Rxf3 Bxf3 40.Rxa5 Bxh5+ 41.Kh4 Bd1 42.Ra7 Kg8
43.Ra8+ Kf7 44.Ra7+ Kg6 45.Ra6+ Kf5 46.Nd6+ Kf4 47.Nf7 g5+ 48.Nxg5 hxg5+  0-1

[Event "2nd Subasic Mem"]
[Site "Zenica BIH"]
[Date "2003.12.06"]
[Round "1"]
[White "Zivanic,M"]
[Black "Rajkovic,Du"]
[Result "1/2-1/2"]
[WhiteElo "2436"]
[BlackElo "2449"]

1.d4 d5 2.c4 dxc4 3.Nf3 c5 4.e3 e6 5.Bxc4 a6 6.O-O Nf6 7.b3 b5 8.Be2 Bb7
9.Bb2 Nbd7 10.Nbd2 Be7 11.Rc1 O-O 12.Qc2 Rc8 13.Qb1 cxd4 14.Nxd4 Rxc1 15.Rxc1 Qa8
16.Bf3 Bxf3 17.N2xf3 Rc8 18.Rc2  1/2-1/2

[Event "21st Cairnhill Open"]
[Site "Singapore SIN"]
[Date "2003.12.10"]
[Round "5"]
[White "Wee Zhen Yang"]
[Black "Kashtanov,R"]
[Result "0-1"]
[WhiteElo "2099"]
[BlackElo "2396"]

1.d4 d5 2.c4 dxc4 3.Nf3 a6 4.a4 Nf6 5.e3 Bg4 6.Bxc4 e6 7.O-O Nc6 8.Nc3 Bd6
9.Be2 O-O 10.h3 Bh5 11.Ne1 Bxe2 12.Qxe2 e5 13.d5 Nb8 14.e4 Nbd7 15.Nd3 Qe7
16.Bg5 Rfe8 17.Nd1 Qf8 18.Qf3 h6 19.Bh4 Nh7 20.Ne3 g6 21.g4 Nc5 22.Nxc5 Bxc5
23.Rac1 Rac8 24.Rc4 b5 25.axb5 axb5 26.Rc2 Ra8 27.Rfc1 Bd6 28.Qe2 Reb8 29.Nd1 Qe8
30.Rc6 Qd7 31.Nc3 Ra5 32.b3 Kg7 33.Rc2 Nf8 34.Ra2 Rxa2 35.Qxa2 b4 36.Na4 f5
37.f3 Qf7 38.Qf2 Nd7 39.gxf5 gxf5 40.Kh2 Kh7 41.Rc1 Rf8 42.Rf1 Qh5 43.Rg1  0-1

[Event "Open"]
[Site "Pamplona ESP"]
[Date "2003.12.22"]
[Round "3"]
[White "Hernandez,I PER"]
[Black "Cifuentes Parada,R"]
[Result "1/2-1/2"]
[WhiteElo "2294"]
[BlackElo "2501"]

1.d4 d5 2.Nf3 c5 3.c4 dxc4 4.d5 e6 5.Nc3 Nf6 6.e4 exd5 7.e5 Nfd7 8.Qxd5 Nb6
9.Qxd8+ Kxd8 10.Be3 h6 11.O-O-O+ Ke8 12.Nd2 Be6 13.Nde4 Na6 14.f4 Be7 15.Be2 Rd8
16.g4 Nd5 17.Nxd5 Rxd5 18.Nc3 Rxd1+ 19.Rxd1 g6 20.Rf1 f5 21.exf6 Bxf6 22.f5 gxf5
23.gxf5 Bf7 24.Ne4 Bd4 25.Nd6+ Ke7 26.Bxd4 cxd4 27.Nxf7 Kxf7 28.Bxc4+ Kf6
29.Bxa6 bxa6 30.Kd2 Rg8 31.Rf2 Rg5 32.Kd3 Rxf5 33.Rc2 Kg5 34.Kxd4 h5 35.Rc7 Rf2
36.Rxa7 Rxh2 37.Rxa6 Rxb2 38.Ke3 Kg4 39.Rg6+ Kh3 40.Ra6 h4 41.Kf3 Kh2 42.a4 Ra2
43.a5 h3 44.Rg6 Rxa5 45.Kf2 Ra2+ 46.Kf1 Rg2 47.Rh6 Rg4 48.Rf6 Rg3 49.Rf8 Ra3
50.Kf2 Ra2+  1/2-1/2

[Event "Open"]
[Site "Interlaken SUI"]
[Date "2003.12.28"]
[Round "4"]
[White "Nemet,I"]
[Black "Sadeghi,H"]
[Result "0-1"]
[WhiteElo "2381"]
[BlackElo "2150"]

1.d4 d5 2.Nf3 c5 3.c4 dxc4 4.d5 Nf6 5.Nc3 a6 6.a4 e6 7.e4 exd5 8.e5 Be6 9.exf6 Nc6
10.Be2 gxf6 11.O-O d4 12.Qe1 dxc3 13.Bxc4 Qd6 14.Qxc3 O-O-O 15.Bxe6+ Qxe6
16.Bf4 Qf5 17.Bg3 Be7 18.Rfe1 Rd7 19.Rac1 Rhd8 20.Qb3 Qd5 21.Qb6 c4 22.Qe3 Bb4
23.Rf1 b5 24.Qb6 Ra7 25.Nd4 Nxd4 26.Qb8+ Kd7 27.Qxa7+ Ke8 28.Rce1+ Bxe1 29.Rxe1+ Kf8
30.f3 Nf5 31.Bf2 Ra8 32.Qb6 Kg7 33.a5 Qd6 34.Qxd6 Nxd6 35.Bc5 Nf5 36.g4 Rc8
37.Bf2 Nd6 38.Rd1 Rc6 39.Be1 Nb7 40.Bc3 Nd6 41.g5 Ne8 42.Re1 Re6 43.Rxe6 fxe6
44.Kf2 Kg6 45.Ke3 fxg5 46.Kd4 Nf6 47.Be1 Nd7 48.Bg3 Kf5 49.Bd6 h5 50.Bc7 h4
51.Bd6 g4 52.fxg4+ Kxg4 53.Ke4 Kh3 54.Be7 Kxh2 55.Bxh4 Kg2  0-1

[Event "12th Donau Open"]
[Site "Aschach GER"]
[Date "2003.12.31"]
[Round "7"]
[White "Seifert,V"]
[Black "Mayerhofer,P"]
[Result "1-0"]
[WhiteElo "2337"]
[BlackElo "2191"]

1.d4 d5 2.c4 dxc4 3.Nf3 a6 4.e3 Nf6 5.Bxc4 e6 6.O-O c5 7.Bb3 Nc6 8.Nc3 b5
9.Qe2 Bb7 10.Rd1 Qc7 11.d5 exd5 12.Nxd5 Nxd5 13.Bxd5 Be7 14.a4 b4 15.e4 O-O
16.Be3 Na5 17.Rac1 Rfd8 18.Qc2 Bxd5 19.exd5 Rac8 20.Qe4 h6 21.Nd4 Bf6 22.Nf5 Nb7
23.Qg4 Kh7 24.Nxh6 gxh6 25.Qf5+ Kg7 26.Bxh6+ Kxh6 27.Qxf6+ Kh7 28.Rc4 Kg8
29.Rh4  1-0

[Event "Hilton Chess Festival"]
[Site "Basel SUI"]
[Date "2004.01.02"]
[Round "3"]
[White "Goldstern,F"]
[Black "Stojanovic,Mih"]
[Result "0-1"]
[WhiteElo "2360"]
[BlackElo "2506"]

1.d4 d5 2.Nf3 c5 3.c4 dxc4 4.e3 cxd4 5.Bxc4 Qc7 6.Bb5+ Bd7 7.Bxd7+ Nxd7 8.exd4 Qc4
9.Nc3 e6 10.Qe2 Qxe2+ 11.Kxe2 Ngf6 12.Bg5 Be7 13.Ne5 Nb6 14.Bxf6 Bxf6 15.Nb5 Ke7
16.Rac1 Rhc8 17.f4 a6 18.Nc3 Rc7 19.Ne4 Rac8 20.Rxc7+ Rxc7 21.Nc5 Nd5 22.Kf3 Bxe5
23.fxe5 b6 24.Ne4 Rc2 25.Rb1 f5 26.exf6+ gxf6 27.a3 f5 28.Ng3 Rd2 29.Ne2 b5
30.g3 Kd6 31.Kf2 Nb6 32.Ke1 Rd3 33.b3 Nd5 34.Rb2 a5 35.Kf2 h5 36.h4 a4 37.bxa4 bxa4
38.Ra2 Nc3 39.Nxc3 Rxc3  0-1

[Event "Hilton Chess Festival"]
[Site "Basel SUI"]
[Date "2004.01.02"]
[Round "4"]
[White "Haener,P"]
[Black "Raetsky,A"]
[Result "1-0"]
[WhiteElo "2221"]
[BlackElo "2417"]

1.d4 d5 2.c4 dxc4 3.Nf3 a6 4.e3 Nf6 5.Bxc4 b5 6.Bd3 Bb7 7.O-O e6 8.Qe2 Nbd7
9.e4 c5 10.Bg5 h6 11.Bh4 Qb6 12.a4 c4 13.Bc2 Rc8 14.Rd1 Nh5 15.Ne5 Nhf6 16.Nc3 g5
17.Bg3 h5 18.h4 g4 19.d5 Bb4 20.a5 Bxa5 21.dxe6 fxe6 22.Nxd7 Nxd7 23.Rd6 Rc6
24.Rad1 Nf8 25.Nd5 Rxd6 26.Nxb6 Rxd1+ 27.Qxd1 Bxb6 28.Qd6 Bd8 29.e5 Rg8 30.Bf4 Rg7
31.Bh6 Bc7 32.Qc5  1-0

[Event "TCh-BEL 2003-4"]
[Site "Belgium BEL"]
[Date "2004.01.11"]
[Round "6"]
[White "Piceu,T"]
[Black "Afek,Y"]
[Result "1-0"]
[WhiteElo "2251"]
[BlackElo "2369"]

1.d4 d5 2.c4 dxc4 3.Nf3 c5 4.e3 cxd4 5.Bxc4 Qc7 6.Bb3 Nf6 7.exd4 Nc6 8.O-O Bg4
9.Nc3 Rd8 10.h3 Bh5 11.d5 a6 12.g4 Bg6 13.Qe2 Na5 14.Ba4+ b5 15.Nxb5 axb5
16.Bxb5+ Nd7 17.Ne5 f6 18.Nxd7 Rxd7 19.Bd2 Nb7 20.Rac1 Qd8 21.Bf4  1-0

[Event "TCh-AUT 2003-4"]
[Site "Velden AUT"]
[Date "2004.01.24"]
[Round "6"]
[White "Novkovic,Mi"]
[Black "Danner,G"]
[Result "1/2-1/2"]
[WhiteElo "2371"]
[BlackElo "2393"]

1.d4 d5 2.Nf3 c5 3.c4 dxc4 4.Nc3 cxd4 5.Qxd4 Qxd4 6.Nxd4 Nf6 7.e4 e5 8.Ndb5 Na6
9.Bxc4 Bb4 10.f3 Ke7 11.Ke2 Be6 12.Bxe6 Kxe6 13.Be3 b6 14.Rac1 Rhc8 15.Na4 Ne8
16.Rxc8 Rxc8 17.a3 Be7 18.Nxa7 Rc2+ 19.Kd3 Rxg2 20.Bxb6 f5 21.exf5+ Kxf5
22.Be3 Nf6 23.Rg1 Rxh2 24.Rxg7 Nd5 25.Bg1 Rh4 26.Nc3 Bf6 27.Rf7 Nxc3 28.bxc3 Rf4
29.Ke2 e4 30.fxe4+ Rxe4+ 31.Kd3 Re7 32.Rxe7 Bxe7 33.a4 Nc5+ 34.Ke2  1/2-1/2

[Event "9th HIT Open"]
[Site "Nova Gorica SLO"]
[Date "2004.02.03"]
[Round "7"]
[White "Tonon,A"]
[Black "Krivec,J"]
[Result "1-0"]
[WhiteElo "2196"]
[BlackElo "2301"]

1.d4 d5 2.c4 dxc4 3.Nf3 c5 4.e3 cxd4 5.exd4 Be6 6.Nc3 Nf6 7.g3 Nc6 8.Bg2 Nd5
9.O-O Nxc3 10.bxc3 Bd5 11.Rb1 Qd7 12.Ne5 Nxe5 13.Bxd5 Qxd5 14.dxe5 Qc6 15.e6 Qxe6
16.Bf4 Qc6 17.Qd4 e6 18.Rfd1 f6 19.Re1 b6 20.Re4 f5 21.Re5 Bc5 22.Rxc5 Qxc5
23.Qxg7 Rf8 24.Re1 Qe7 25.Qd4 Kf7 26.h4 Rac8 27.Bh6 Rg8 28.Bg5 Rgd8 29.Qe5 Rc5
30.Qe2 Qd7 31.Bxd8 Qxd8 32.Qxe6+ Kf8 33.h5 Rd5 34.Re3 Qd7 35.Qf6+ Kg8 36.Re7 Rd1+
37.Kh2 Rh1+ 38.Kxh1 Qd1+ 39.Kh2 Qxh5+ 40.Kg2  1-0